|
|
|
|
| LEADER |
00000nam0a2200000 4500 |
| 001 |
134948 |
| 005 |
20231031135913.0 |
| 020 |
|
|
|a RU
|b 87-1329
|
| 035 |
|
|
|a (RuTPU)RU\TPU\book\146261
|
| 090 |
|
|
|a 134948
|
| 100 |
|
|
|a 20080405d1986 m y0rusy5003 ca
|
| 101 |
0 |
|
|a rus
|
| 102 |
|
|
|a RU
|
| 105 |
|
|
|a a j 001zy
|
| 200 |
1 |
|
|a Порошковая металлургия
|e учебное пособие
|f С. С. Ермаков
|g Ленингр. политехн. ин-т им. М. И. Калинина
|
| 210 |
|
|
|a Ленинград
|c Изд-во ЛПИ
|d 1986
|
| 215 |
|
|
|a 85, [3] с.
|c ил.
|d 21 см
|
| 320 |
|
|
|a Библиогр.: с. 87 (12 назв.)
|
| 610 |
1 |
|
|a порошковая металлургия
|
| 610 |
1 |
|
|a учебные пособия
|
| 610 |
1 |
|
|a исходные материалы
|
| 610 |
1 |
|
|a металлические порошки
|
| 610 |
1 |
|
|a прессование
|
| 610 |
1 |
|
|a формирование
|
| 610 |
1 |
|
|a порошковые материалы
|
| 610 |
1 |
|
|a спекание
|
| 610 |
1 |
|
|a термическая обработка
|
| 610 |
1 |
|
|a химико-термическая обработка
|
| 675 |
|
|
|a 621.762(075.8)
|z rus
|
| 700 |
|
1 |
|a Ермаков
|b С. С.
|g Сергей Степанович
|4 070
|
| 712 |
0 |
2 |
|a Ленинградский политехнический институт им. М. И. Калинина (ЛПИ)
|2 stltpush
|3 (RuTPU)RU\TPU\col\2601
|
| 801 |
|
0 |
|a RU
|b RuMRKP
|c 19950417
|g psbo
|
| 801 |
|
1 |
|a RU
|b 63413507
|c 20080405
|g PSBO
|
| 801 |
|
2 |
|a RU
|b 63413507
|c 20151214
|g PSBO
|
| 900 |
|
|
|a Порошковая металлургия и композиционные материалы
|
| 942 |
|
|
|c BK
|